|
|
|
|
| LEADER |
01313nab#a2200325#ar4500 |
| 001 |
000074541 |
| 003 |
SVKKK |
| 005 |
20041220xxxxxxx. |
| 008 |
06 c xo huno |
| FMT |
|
|
|
| 038 |
|
|
|a SVKKK
|
| 040 |
|
|
|a SVKKK
|b slo
|e AACR2
|
| 041 |
0 |
|
|a hun
|
| 044 |
|
|
|a xo
|c SK
|
| 080 |
|
|
|a 323
|
| 080 |
|
|
|a 37:296
|
| 242 |
1 |
0 |
|a Následník trónu a jeho manželka veľkokňažna Žofia Hohenberg...
|
| 245 |
0 |
0 |
|a A trónörökös és neje Hohenberg Zsófia hercegnő...
|
| 500 |
|
|
|a Duplicitné číslovanie
|
| 500 |
|
|
|a mikrofilm
|
| 520 |
2 |
|
|a Správa o tom, že židovská obecná škola v Humennom zaslala dňa 30. júna 1914 kondolenčný telegram do Viedne pri úmrtí následníka trónu [Františka Fedinanda 1863-1914] a jeho manželky veľkokňažny Zsofie Hohenberg. Z Viedne došiel späť ďakovný telegram. Dňa [4.07.1914] bude vo všetkých kostoloch v Humennom zádušná omša za menovaných.
|
| 650 |
0 |
4 |
|a atentát na následníka trónu - židovská obecná škola, Humenné - telegram kondolenčný (zaslanie) - Humenné - 30.06.1914 - Viedeň - poďakovanie - správy
|
| 773 |
0 |
|
|t Felvidéki Hirlap
|g Roč. 7, č. 25 (05.07.1914) s. 2
|
| 957 |
|
|
|a Humenné
|
| 958 |
|
|
|a DG
|
| 958 |
|
|
|a SK
|
| 974 |
|
|
|a Ba
|d 20041220
|
| 992 |
|
|
|a RBX
|
| BAS |
|
|
|
| 998 |
|
|
|a RETRO
|